000 nam a22 a 4500
999 _c3251
_d3251
003 AKMAL
005 20170522094448.0
008 170522s1991 -uk 00 eng d
020 _a0749401370:
_cRM 95.13
040 _aAKMAL
_cAKMAL
082 0 4 _a658.4012 BUR
090 _a658.4012
_bBUR
100 1 _aBurch, Steven
_96652
245 1 0 _aTeleworking :
_ba strategic guide for management /
_cSteven Burch
260 _aLondon,
_cKogan page ,
_c1991
300 _a165p. :
_bill., map ;
_c24cm
650 _aTelecommuting
_96653
650 _aTelecommunication systems
_96654
942 _2ddc
_cBOOK